00553nam a2200169 4500008004100000020001800041050002100059100002100080245005900101250001200160260006000172300003700232500002000269650003000289650004300319650002100362150930b xxu||||| |||| 00| 0 eng d a9780393930573 aPS 507 .B39 2003 aBaym, Ninad2003 aThe Norton anthology of American literaturecNina Baym a7th ed. aNew York ; London :b W.W. Norton & Company, c ©2008. axxxv, 2874[90]p.:bill. ;c24cm. aIncludes index. 2American literature.  2United States a Literary collections. 2 United States.